Countries with Divided Islands - Statistics

General Stats
  • This quiz has been taken 663 times
    144 since last reset
  • The average score is 16 of 17
Answer Stats
Hint Answer % Correct
Ireland Ireland
100%
Borneo Malaysia
100%
Hispaniola Dominican Republic
99%
Hispaniola Haiti
99%
Borneo Indonesia
99%
Timor Indonesia
99%
New Guinea Indonesia
99%
New Guinea Papua New Guinea
99%
Timor Timor-Leste
99%
Ireland UK
99%
Borneo Brunei
95%
Saint Martin France
93%
Tierra del Fuego Argentina
90%
Tierra del Fuego Chile
90%
Hans Island Denmark
89%
Saint Martin Netherlands
87%
Hans Island Canada
86%
No matching quizzes found
Score Distribution
Percent of People with Each Score
Percentile by Number Answered
Your Score History
You have not taken this quiz since the last reset